Mort Subite - Super Mario Odyssey - Statistiques

Statistiques générales
  • Ce quiz a été pris 639 fois
  • Le résultat moyen est 5 sur 17
Answers on the Grid
Answers color-coded by a green-red scale on the quiz's grid according to % correct below.
Yoshi
Tuyau Rouge
Mini-Fusée
Une Tenue Toad
Maskass
Le Pays de la glace
Goomba Jaune
Cappy
Pièces Roses
Jumelles
Hariette
Côté Très Obscur
Birdo
Daisy
Un Combat contre un Nuage
Une Salle Mario 64
Rango
Des Triples Lunes
Fleur de Feu
Donkey kong
Un Trompettiste
Une tenue de scaphandrier
Une Prison
Le Pays de la mer
Flora Piranha
Carottin
Un concombre
Sphinx
Jaxi
Goombette
Crapognon
Capitaine Toad
 
Statistiques - réponses
Réponse % Correct
Cappy
42%
Le Pays de la mer
42%
Sphinx
42%
Jaxi
41%
Des Triples Lunes
39%
Yoshi
38%
Capitaine Toad
37%
Côté Très Obscur
36%
Une Salle Mario 64
36%
Goombette
33%
Mini-Fusée
26%
Un Trompettiste
26%
Jumelles
24%
Goomba Jaune
22%
Crapognon
20%
Donkey kong
18%
Rango
13%
Aucun quiz correspondant
Distribution des résultats
% des personnes avec chaque résultat
Percentile par nombre de réponses
Votre historique - résultats
Vous n’avez pas pris ce quiz